000 00997cam a2200241 a 4500
005 20160128124317.0
008 860221m19849999sp ab b 000 0 spa
020 _a8472323404 (v. 1)
040 _aDLC
_cDLC
_dDLC
_dCO-BoIAVH
041 0 _aspa
044 _asp
082 0 4 _a577.098
_bM84p
100 1 _aMorello, Jorge.
245 1 0 _aPerfil ecológico de Sudamérica /
_cJorge Morello ; edición preparada por Jesús Manuel Martínez ; cartografía, Cartigol.
260 _a[Madrid] :
_bEdiciones Cultura Hispánica, Instituto de Cooperación Iberoamericana,
_c[1984- ]
300 _av. <1 > :
_bilustraciones a color, mapas ;
_c34 x 25 cm.
504 _aIncluye referencias bibliográficas.
505 1 _av. 1. Características estructurales de Sudamérica y su relación con espacios semejantes del planeta.
650 6 _aEcología
_zSuramérica.
650 6 _aCiencias de la tierra
_zSuramérica.
700 1 _aMartínez, Jesús Manuel.
942 _2ddc
_cLIBRO
999 _c435
_d435